Tropical forest canopies as an environment for arthropods and epiphytes, with special reference to the phyllosphere : (Registro nro. 202)

Detalles MARC
000 -CABECERA
Campo de control 01128nam a2200301 a 4500
005 - FECHA Y HORA DE LA ULTIMA TRANSACCION
Campo de control 20191224041517.0
008 - ELEMENTOS DE LONGITUD FIJA—INFORMACION GENERAL
Campo de control 140219b1995 gw ad fr|||| 00| 0 eng d
040 ## - FUENTE DE CATALOGACIÓN
Agencia catalogadora original CO-BoIAVH
Agencia transcriptora CO-BoIAVH
041 0# - IDIOMA
Código de idioma para texto/pista de sonido o título separado Inglés
044 ## - PAÍS DE PUBLICACIÓN
País de publicación Colombia
082 04 - NUMERO DE CLASIFICACION DECIMAL DEWEY
Número de clasificación 577.3
Número del ítem L43s
111 2# - ASIENTO PRINCIPAL--NOMBRE DE REUNION
Nombre de reunión o de jurisdicción como elemento de entrada International ESF-Workshop on Tropical Canopy Research
Lugar de la reunión Günzburg, Germany
Fecha de la reunión 95
Número de la parte/sección/reunión 2
9 (RLIN) 47388
245 1# - MENCION DE TITULO
Título Tropical forest canopies as an environment for arthropods and epiphytes, with special reference to the phyllosphere :
Parte restante del título final scientific report /
Mención de responsabilidad International ESF-Workshop on Tropical Canopy Research
260 ## - PUBLICACION, DISTRIBUCION, ETC. (PIE DE IMPRENTA)
Lugar de publicación, distribución, etc. Günzburg, Germany :
Nombre del editor, distribuidor, etc. [S.E.],
Fecha de publicación, distribución, etc. 1995.
300 ## - DESCRIPCION FISICA
Extensión 61 páginas :
Otros detalles físicos Ilustraciones, gráficos ;
Dimensiones 21 x 15 cm
650 06 - ASIENTO SECUNDARIO DE MATERIA - TERMINO TEMATICO
Término temático o nombre geográfico como elemento de entrada Plantas de dosel
9 (RLIN) 6905
650 06 - ASIENTO SECUNDARIO DE MATERIA - TERMINO TEMATICO
Término temático o nombre geográfico como elemento de entrada Bosque húmedo tropical
9 (RLIN) 3501
650 06 - ASIENTO SECUNDARIO DE MATERIA - TERMINO TEMATICO
Término temático o nombre geográfico como elemento de entrada Fauna de dosel
9 (RLIN) 6906
650 06 - ASIENTO SECUNDARIO DE MATERIA - TERMINO TEMATICO
Término temático o nombre geográfico como elemento de entrada Artrópodos
9 (RLIN) 2658
650 06 - ASIENTO SECUNDARIO DE MATERIA - TERMINO TEMATICO
Término temático o nombre geográfico como elemento de entrada Epífitos
9 (RLIN) 3675
650 06 - ASIENTO SECUNDARIO DE MATERIA - TERMINO TEMATICO
Término temático o nombre geográfico como elemento de entrada Filosfera
9 (RLIN) 47112
700 1# - ASIENTO SECUNDARIO - NOMBRE PERSONAL
Nombre personal Lücking, Robert
9 (RLIN) 6907
700 1# - ASIENTO SECUNDARIO - NOMBRE PERSONAL
Nombre personal Freiberg, Martin
9 (RLIN) 6908
700 1# - ASIENTO SECUNDARIO - NOMBRE PERSONAL
Nombre personal Lücking, Andrea
9 (RLIN) 6909
700 1# - ASIENTO SECUNDARIO - NOMBRE PERSONAL
Nombre personal Freiberg, Elke
9 (RLIN) 6910
700 1# - ASIENTO SECUNDARIO - NOMBRE PERSONAL
Nombre personal Gottsberger, Gerhard
9 (RLIN) 6903
942 ## - ELEMENTOS ADICIONALES (KOHA)
Tipo de ítem Libro
Sistema de clasificación Dewey Decimal Classification
Existencias
Withdrawn status Lost status Sistema de Clasificación Damaged status No para préstamo Colección Inventariado Ubicación Permanente Ubicación actual Fecha de adquisición Fuente de Valor Valor Total Checkouts Número topográfico Inventario / Código de Barras Date last seen Ejemplar Price effective from Forma de adquisición Tipo de material
    Dewey Decimal Classification     General Inventariado 2017 Bogotá Bogotá 15/09/2000 Instituto 39000.00   LB-577.3 L43s 000252 04/12/2012 Ej. 1 04/12/2012   Libro